| 000 | 01138nam a22002777a 4500 | ||
|---|---|---|---|
| 003 | EG-ScBUE | ||
| 005 | 20211025111317.0 | ||
| 008 | 110601s2000 ua f 000 0 ara d | ||
| 040 |
_aEG-ScBUE _bara _erda _cEG-ScBUE _dEG-ScBUE |
||
| 082 | 0 | 4 |
_a001.42 _bم س ع _222 |
| 100 | 1 |
_924540 _aمسعد، محيي محمد، _eمؤلف. |
|
| 245 | 1 | 0 |
_aكيفية كتابة الأبحاث والأعداد للمحاضرات / _cالدكتور محيي محمد مسعد، رئيس المحكمة الأستاذ المحاضر للدراسات القانونية بكلية التجارة - جامعة الإسكندرية. |
| 250 | _aالطبعة الثانية. | ||
| 264 | 1 |
_a[القاهرة] : _bالمكتب العربي الحديث، _c2000. |
|
| 300 |
_a147 صفحة ؛ _c24 سم |
||
| 336 |
_2rdacontent _aنص _btxt |
||
| 337 |
_2rdamedia _aبدون وسيط _bn |
||
| 338 |
_2rdacarrier _aمجلد _bnc |
||
| 541 | _aإهداء. | ||
| 650 | 7 |
_aالبحث. _2BUEsh |
|
| 650 | 7 |
_aالكتابة العلمية. _2BUEsh |
|
| 651 | _2BUEsh | ||
| 653 |
_bGGEN _cOctober2021 |
||
| 655 |
_vReading book _934232 |
||
| 942 |
_2ddc _cBB |
||
| 999 |
_c15501 _d15501 |
||